Hãng thám tử tư

Salvato in:
Dettagli Bibliografici
Autore principale: Agatha Christie
Natura: Libro
Lingua:Undetermined
Pubblicazione: Hà Nội Hội Nhà Văn 2000
Soggetti:
Tags: Aggiungi Tag
Nessun Tag, puoi essere il primo ad aggiungerne! !
Thư viện lưu trữ: Trung tâm Học liệu Trường Đại học Cần Thơ
LEADER 00542nam a2200169Ia 4500
001 CTU_42146
008 210402s9999 xx 000 0 und d
082 |a 823.9 
082 |b Ch597 
100 |a Agatha Christie 
245 0 |a Hãng thám tử tư 
245 0 |c Agatha Christie, Phùng Đệ, Trần Nam Lương 
260 |a Hà Nội 
260 |b Hội Nhà Văn 
260 |c 2000 
650 |a english fiction ( vietnamese ),english literature - 20th century 
980 |a Trung tâm Học liệu Trường Đại học Cần Thơ